000 01239nmc a2200385 a 4500
003 AR-BaBNM
005 20251128210753.0
008 261020s2000 ||||||||||||||000 | spa||
020 _a987-98201-3-4
040 _cAR-BaBNM
245 1 0 _aPensar en matemática con el cuerpo
_bpara una didáctica integradora de la matemática y la expresión corporal
250 _a1ª ed.
260 _aMendoza
_bE.F.E.
_c2000
300 0 _a107 p.
_bfot., gráf.
490 0 _aTeoría y práctica
_vv. 2
500 0 _aE.F.E.: Editorial Facultad de Educación Elemental y Especial; Universidad Nacional de Cuyo
500 0 _aContiene referencias bibliográficas
650 4 _aENSENANZA DE LAS MATEMATICAS
650 4 _aPSICOMOTRICIDAD
650 4 _aFORMACION DE CONCEPTOS
650 4 _aPERCEPCION DEL ESPACIO
650 4 _aCONCEPTOS MATEMATICOS
653 0 _aPRIMER CICLO DE LA EGB
653 0 _aEDUCACION INICIAL
653 0 _aEXPRESION CORPORAL
653 0 _aEXPERIENCIAS EDUCATIVAS
653 0 _aESTRATEGIAS DIDACTICAS
700 1 _aKemelmajer, Jovita
700 1 _aPorcar, María Luisa
700 1 _aPacheco, Norma
700 1 _aParés, Benito
700 1 _aPeralta, María Eugenia
942 _cBK
998 _cRAQUEL
999 _c16825
_d16825